Renewal of Civilization (Record no. 6677)

MARC details
000 -LEADER
fixed length control field 00617nam a2200265 a 4500
020 ## - INTERNATIONAL STANDARD BOOK NUMBER
ISBN
082 00 - DEWEY DECIMAL CLASSIFICATION NUMBER
Classification number 297.93
Author Cutter HOF
100 ## - MAIN ENTRY--AUTHOR NAME
Author name Hofman, David
245 ## - TITLE STATEMENT
Title Renewal of Civilization
260 ## - PUBLICATION, DISTRIBUTION, ETC. (IMPRINT)
Place of publication Delhi
Name of publisher Bahri Pub.
Year of publication 1970
300 ## - PHYSICAL DESCRIPTION
Number of Pages 122p
500 ## - GENERAL NOTE
General note includes index and biblioraphy
505 2# - FORMATTED CONTENTS NOTE
Formatted contents note Maps
650 ## - SUBJECT ADDED ENTRY--TOPICAL TERM
Topical Term Bahai Faith
650 ## - SUBJECT ADDED ENTRY--TOPICAL TERM
Topical Term Religions-Bahai
650 ## - SUBJECT ADDED ENTRY--TOPICAL TERM
Topical Term Heresies-Islamic
942 ## - ADDED ENTRY ELEMENTS (KOHA)
Koha item type Books
700 1# -
-- Hofman, David
Holdings
Home library Current library Date acquired Cost, normal purchase price Full call number Accession Number Koha item type
Henry Martyn Institute Library Henry Martyn Institute Library 07/02/2007 100.00 297.93 HOF 011545 E-Books
                   Copyright © 2026 | Henry Martyn Institute | Hyderabad | TS-500052 | INDIA | Implemented by hmi.edu.in
Hit-Count:

Powered by Koha